| 000 | 01945cam a22003254a 4500 | ||
|---|---|---|---|
| 001 | 15088009 | ||
| 003 | OSt | ||
| 005 | 20161130020120.0 | ||
| 008 | 071120s2009 maua b 001 0 eng | ||
| 010 | _a 2007047784 | ||
| 020 | _a9780073355894 (alk. paper) | ||
| 020 | _a0073355895 (alk. paper) | ||
| 035 | _a(OCoLC)ocn183608144 | ||
| 035 | _a(OCoLC)183608144 | ||
| 040 |
_aDLC _cDLC _dC#P _dBWX _dYDXCP _dBAKER _dDLC |
||
| 050 | 0 | 0 |
_aHQ772 _b.P29 2009 |
| 082 | 0 | 0 |
_a305.231 _222 |
| 100 | 1 | _aPatterson, Charlotte. | |
| 245 | 1 | 0 |
_aInfancy & childhood / _cCharlotte J. Patterson. |
| 246 | 3 | _aInfancy and childhood | |
| 260 |
_aBoston : _bMcGraw-Hill Higher Education, _cc2009. |
||
| 300 |
_axxvii, 564 p. : _bcol. ill. ; _c29 cm. |
||
| 504 | _aIncludes bibliographical references (p. 481-536) and indexes. | ||
| 505 | 0 | _aBeginnings -- Introduction to child development -- Heredity, environment, and prenatal development -- Birth and the newborn infant -- Infancy and the toddler years -- Physical development and health during infancy and the toddler years -- Cognitive and language development during infancy and the toddler years -- Social and emotional development during infancy and the toddler years -- Early childhood -- Physical growth and health in early childhood -- Cognitive development during early childhood -- Social and emotional development during early childhood -- Middle childhood -- Physical growth and health in middle childhood -- Cognitive development in middle childhood -- Social and emotional development during middle childhood. | |
| 650 | 0 |
_aChild development _vTextbooks. |
|
| 856 | 4 | 1 |
_3Table of contents only _uhttp://www.loc.gov/catdir/toc/ecip086/2007047784.html |
| 906 |
_a7 _bcbc _corignew _d1 _eecip _f20 _gy-gencatlg |
||
| 942 |
_2lcc _cBOOKS _01 |
||
| 999 |
_c13004 _d13004 |
||